[Event "16PCR_F"]
[Site "?"]
[Date "2006.??.??"]
[Round "?"]
[White "Sindelar, Frantisek"]
[Black "Stika, Vaclav"]
[Result "1/2-1/2"]
[WhiteElo "2094"]
[BlackElo "2142"]
[PlyCount "134"]
[EventDate "2006.??.??"]
[EventType "corr"]
[SourceDate "2007.01.09"]

1. d4 Nf6 2. c4 e6 3. Nc3 Bb4 4. Nf3 b6 5. Qb3 c5 6. Bg5 Bb7 7. dxc5 Bxc5 8. e3
O-O 9. Rd1 Be7 10. Be2 Na6 11. O-O Nc5 12. Qc2 Nfe4 13. Bxe7 Qxe7 14. Nd2 Nxc3
15. Qxc3 a5 16. Bf3 d6 17. Rfe1 f5 18. e4 Rad8 19. exf5 Rxf5 20. Bxb7 Qxb7 21.
Nb3 Rf6 22. Nxc5 bxc5 23. Qxa5 Ra8 24. Qd2 Rg6 25. g3 e5 26. b3 Rf6 27. Re2 Ra6
28. Re3 Qf7 29. a4 Rb6 30. a5 Ra6 31. Ra1 h6 32. Ra4 Kh8 33. Rd3 Kg8 34. Rd5
Qe8 35. Ra1 Qf7 36. Re1 Kh8 37. b4 cxb4 38. Rb1 Ra8 39. Rxb4 Rf8 40. Rb2 Qa7
41. Qe1 Rc8 42. Qb4 Kh7 43. Ra2 Rc6 44. Qb5 Qa6 45. Qxa6 Rxa6 46. c5 dxc5 47.
Rxc5 Rfe6 48. f3 Kg6 49. Re2 Kf7 50. h4 g5 51. hxg5 hxg5 52. Rh2 Kf6 53. Rh8
Rad6 54. Kf2 Rd2+ 55. Ke3 Red6 56. g4 Kg6 57. Rf8 Rd1 58. Rb5 Re1+ 59. Kf2 Rdd1
60. Rb2 Rf1+ 61. Ke3 Rde1+ 62. Re2 Ra1 63. Ra8 Ra3+ 64. Ke4 Rfa1 65. Ra6+ Kg7
66. Kf5 Rxa5 67. Rxa5 Rxa5 1/2-1/2

[Event "16PCR_F"]
[Site "?"]
[Date "2006.??.??"]
[Round "?"]
[White "Trs, Jan"]
[Black "Brichacek, Milan"]
[Result "1/2-1/2"]
[WhiteElo "2252"]
[BlackElo "2194"]
[PlyCount "113"]
[EventDate "2006.??.??"]
[EventType "corr"]
[SourceDate "2007.01.09"]

1. d4 Nf6 2. c4 e6 3. Nf3 d5 4. g3 dxc4 5. Qa4+ Nbd7 6. Bg2 Nd5 7. Qxc4 N7b6 8.
Qb3 c5 9. dxc5 Bxc5 10. O-O Bd7 11. Nc3 O-O 12. Ne5 Rc8 13. Nxd7 Qxd7 14. Rd1
Qe7 15. Bd2 Rfd8 16. Ne4 Nc4 17. Nxc5 Qxc5 18. Be1 b5 19. Rac1 h6 20. h3 a6 21.
Rd3 Qe7 22. Rcd1 Re8 23. a3 Ne5 24. R3d2 Nc4 25. Rc2 Red8 26. Rdc1 Qd6 27. Qa2
Ncb6 28. b3 Rxc2 29. Rxc2 Rd7 30. e4 Nf6 31. Ba5 Rc7 32. Rd2 Qc5 33. Rd8+ Kh7
34. Qd2 Qc1+ 35. Kh2 Nbd7 36. f4 Qxd2 37. Bxd2 e5 38. Bb4 Rc6 39. Ra8 g5 40.
Rd8 Kg6 41. a4 Kh7 42. a5 gxf4 43. gxf4 Rc2 44. Bd6 exf4 45. Bxf4 Nc5 46. Rc8
b4 47. Kg1 Rc3 48. Be5 Rc1+ 49. Kh2 Nfd7 50. Bd6 f6 51. Rc7 Kg6 52. Rc6 Kf7 53.
Bf3 Rc2+ 54. Kg1 Rc1+ 55. Kg2 Rc2+ 56. Kf1 Rc1+ 57. Ke2 1/2-1/2

[Event "16PCR_F"]
[Site "?"]
[Date "2006.??.??"]
[Round "?"]
[White "Glaser, Karel"]
[Black "Mikolas, Jan"]
[Result "1-0"]
[WhiteElo "2159"]
[BlackElo "2039"]
[PlyCount "63"]
[EventDate "2006.??.??"]
[EventType "corr"]
[SourceDate "2007.01.09"]

1. e4 e6 2. d4 d5 3. Nc3 Bb4 4. e5 c5 5. a3 Ba5 6. b4 cxb4 7. Nb5 Nc6 8. axb4
Bxb4+ 9. c3 Be7 10. Ba3 a6 11. Bxe7 Ngxe7 12. Nd6+ Kf8 13. Bd3 Ng6 14. Ne2 Qc7
15. f4 f5 16. c4 Nb4 17. O-O Ne7 18. Qa4 Nec6 19. Rfb1 Nxd3 20. cxd5 exd5 21.
Qc2 Rb8 22. Qxd3 g6 23. Qc2 Be6 24. Qc5 b6 25. Qc2 Kg7 26. Rc1 Bd7 27. Qb3 Qa7
28. e6 Ne7 29. Rxa6 Qxa6 30. Qe3 Rhd8 31. Qe5+ Kg8 32. Nf7 1-0

[Event "16PCR_F"]
[Site "?"]
[Date "2006.??.??"]
[Round "?"]
[White "Kudr, Roman"]
[Black "Mikolas, Jan"]
[Result "1-0"]
[WhiteElo "2177"]
[BlackElo "2039"]
[PlyCount "67"]
[EventDate "2006.??.??"]
[EventType "corr"]
[SourceDate "2007.01.09"]

1. Nf3 d5 2. d4 c6 3. c4 Nf6 4. cxd5 cxd5 5. Nc3 Nc6 6. Bf4 Bf5 7. e3 e6 8. Bb5
Bd6 9. Ne5 Bxe5 10. Bxc6+ bxc6 11. Bxe5 Ng4 12. Bf4 O-O 13. O-O Re8 14. f3 Nf6
15. Bg5 e5 16. dxe5 Rxe5 17. Qd4 Qe7 18. Na4 Re8 19. Bf4 Rxe3 20. Bxe3 Qxe3+
21. Qxe3 Rxe3 22. Rfe1 Rxe1+ 23. Rxe1 Kf8 24. Rc1 Bd7 25. Rc5 Ke7 26. Ra5 Kd6
27. b4 d4 28. Rxa7 Nd5 29. a3 h5 30. Nc5 Be6 31. Kf2 g6 32. g3 Nc3 33. Nxe6
fxe6 34. Rg7 1-0

[Event "16PCR_F"]
[Site "?"]
[Date "2006.??.??"]
[Round "?"]
[White "Mateka, Petr"]
[Black "Mikolas, Jan"]
[Result "1-0"]
[WhiteElo "2229"]
[BlackElo "2039"]
[PlyCount "51"]
[EventDate "2006.??.??"]
[EventType "corr"]
[SourceDate "2007.01.09"]

1. e4 e6 2. d4 d5 3. Nc3 Bb4 4. e5 c5 5. a3 Bxc3+ 6. bxc3 Qc7 7. Qg4 f5 8. Qg3
cxd4 9. cxd4 Ne7 10. Bd2 O-O 11. Bd3 b6 12. Ne2 Ba6 13. Nf4 Qd7 14. Bxa6 Nxa6
15. Qd3 Nc7 16. a4 Rfc8 17. O-O Nc6 18. Rfb1 Ne8 19. h4 Rc7 20. h5 Qe7 21. a5
Rb7 22. c4 dxc4 23. Qxc4 Nd8 24. axb6 Qd7 25. d5 exd5 26. Nxd5 1-0

[Event "16PCR_F"]
[Site "?"]
[Date "2006.??.??"]
[Round "?"]
[White "Mikolas, Jan"]
[Black "Brichacek, Milan"]
[Result "1/2-1/2"]
[WhiteElo "2039"]
[BlackElo "2194"]
[PlyCount "66"]
[EventDate "2006.??.??"]
[EventType "corr"]
[SourceDate "2007.01.09"]

1. e4 c5 2. Nf3 d6 3. Bb5+ Bd7 4. Bxd7+ Qxd7 5. O-O Nc6 6. d3 e6 7. Be3 Nf6 8.
Nc3 Be7 9. d4 cxd4 10. Nxd4 O-O 11. f4 Nxd4 12. Bxd4 d5 13. exd5 Nxd5 14. f5
Rad8 15. fxe6 fxe6 16. Rxf8+ Bxf8 17. Qg4 Nxc3 18. Bxc3 Bc5+ 19. Kh1 Rf8 20.
Rd1 Bb6 21. h3 Bc7 22. Bd4 b6 23. c3 Rf5 24. b3 Qe7 25. Re1 g6 26. a4 Bb8 27.
Be3 Be5 28. Qc4 Bg3 29. Rd1 Kg7 30. Qg4 Qc7 31. Bd4+ Kf7 32. Qe4 Ke7 33. c4 Qd6
1/2-1/2

[Event "16PCR_F"]
[Site "?"]
[Date "2006.??.??"]
[Round "?"]
[White "Mikolas, Jan"]
[Black "Cvak, Rudolf"]
[Result "0-1"]
[WhiteElo "2039"]
[BlackElo "2204"]
[PlyCount "66"]
[EventDate "2006.??.??"]
[EventType "corr"]
[SourceDate "2007.01.09"]

1. e4 c5 2. Nf3 d6 3. d4 cxd4 4. Nxd4 Nf6 5. Nc3 a6 6. Bg5 e6 7. f4 Qb6 8. Qd2
Qxb2 9. Nb3 Qa3 10. Bxf6 gxf6 11. Be2 Nc6 12. O-O Be7 13. f5 h5 14. Rad1 Bd7
15. Rf4 h4 16. Rdf1 Ne5 17. Rb1 Rc8 18. Qd4 b5 19. Ra1 h3 20. Nb1 Qa4 21. g3
Qxd4+ 22. Nxd4 Bd8 23. c3 Bb6 24. Kh1 b4 25. Bxa6 Rxc3 26. Nxc3 Bxd4 27. fxe6
fxe6 28. Rd1 Bxc3 29. Rxd6 Ke7 30. Rb6 Bc6 31. Rxc6 Nxc6 32. Rh4 Rxh4 33. gxh4
Ne5 0-1

[Event "16PCR_F"]
[Site "?"]
[Date "2006.??.??"]
[Round "?"]
[White "Mikolas, Jan"]
[Black "Houdek, Vladimir"]
[Result "0-1"]
[WhiteElo "2039"]
[BlackElo "2147"]
[PlyCount "68"]
[EventDate "2006.??.??"]
[EventType "corr"]
[SourceDate "2007.01.09"]

1. e4 e5 2. Nf3 Nc6 3. Bc4 Bc5 4. c3 Nf6 5. d4 exd4 6. cxd4 Bb4+ 7. Nc3 Nxe4 8.
O-O Bxc3 9. d5 Bf6 10. Re1 Ne7 11. Rxe4 d6 12. Bg5 Bxg5 13. Nxg5 h6 14. Nxf7
Kxf7 15. Qf3+ Nf5 16. g4 Qg5 17. Kh1 Rf8 18. gxf5 Kg8 19. Rg1 Qxf5 20. Qe3 Bd7
21. Rg2 Rf7 22. Bd3 Qf6 23. b3 Raf8 24. Qd2 Bf5 25. Rf4 Qa1+ 26. Rg1 Qe5 27.
Bxf5 Rxf5 28. Rfg4 g5 29. f3 R8f7 30. Rh4 Kh7 31. Rd4 Rxf3 32. Qc2+ Kg7 33. Qd2
a6 34. b4 Kf8 0-1

[Event "16PCR_F"]
[Site "?"]
[Date "2006.??.??"]
[Round "?"]
[White "Mikolas, Jan"]
[Black "Kasik, Miroslav"]
[Result "0-1"]
[WhiteElo "2039"]
[BlackElo "2025"]
[PlyCount "68"]
[EventDate "2006.??.??"]
[EventType "corr"]
[SourceDate "2007.01.09"]

1. f4 d5 2. Nf3 Bf5 3. e3 e6 4. d4 Nf6 5. Bd3 c5 6. O-O Nc6 7. Bxf5 exf5 8. b3
Be7 9. Bb2 O-O 10. c4 cxd4 11. exd4 Qd6 12. g3 Rad8 13. Na3 Qe6 14. Re1 Ne4 15.
Rc1 Nb4 16. Nb5 dxc4 17. Rxc4 a6 18. Nc3 b5 19. Nxe4 fxe4 20. Rc3 Nxa2 21. Rce3
f5 22. Ne5 Nb4 23. Qb1 Bd6 24. Ba1 Rc8 25. Rc3 Bxe5 26. dxe5 Rcd8 27. Re2 Rd5
28. Kg2 Rfd8 29. Qf1 Rd1 30. Re1 R8d2+ 31. Kg1 Qb6+ 32. Kh1 Nd3 33. Rxd3 Rxe1
34. Qxe1 Rxd3 0-1

[Event "16PCR_F"]
[Site "?"]
[Date "2006.??.??"]
[Round "?"]
[White "Mikolas, Jan"]
[Black "Mikoska, Josef"]
[Result "0-1"]
[WhiteElo "2039"]
[BlackElo "2134"]
[PlyCount "60"]
[EventDate "2006.??.??"]
[EventType "corr"]
[SourceDate "2007.01.09"]

1. e4 e5 2. Nf3 Nc6 3. Bc4 Nf6 4. Ng5 d5 5. exd5 Na5 6. d3 h6 7. Nf3 e4 8. Qe2
Nxc4 9. dxc4 Bc5 10. Nfd2 O-O 11. Nb3 Bg4 12. Qf1 Bb4+ 13. Nc3 c6 14. h3 Bh5
15. g4 Bg6 16. Bd2 cxd5 17. O-O-O Qc8 18. cxd5 e3 19. Bxe3 Bxc3 20. bxc3 Qxc3
21. Rd2 Nxd5 22. Bd4 Qc6 23. Rh2 a5 24. f4 a4 25. Na1 Be4 26. h4 Nc3 27. a3
Rad8 28. Qg1 Qc4 29. g5 h5 30. Be5 Rfe8 0-1

[Event "16PCR_F"]
[Site "?"]
[Date "2006.??.??"]
[Round "?"]
[White "Mikolas, Jan"]
[Black "Nudcenko, Karel"]
[Result "0-1"]
[WhiteElo "2039"]
[BlackElo "2245"]
[PlyCount "52"]
[EventDate "2006.??.??"]
[EventType "corr"]
[SourceDate "2007.01.09"]

1. e4 e6 2. d4 d5 3. Nc3 Bb4 4. a3 Bxc3+ 5. bxc3 dxe4 6. Qg4 Nf6 7. Qxg7 Rg8 8.
Qh6 Nbd7 9. Ne2 b6 10. Bg5 Qe7 11. Qh4 Bb7 12. Nf4 h6 13. Qxh6 O-O-O 14. Bb5 c6
15. Bc4 e5 16. Nh3 c5 17. Bb5 Rg6 18. Qh4 cxd4 19. cxd4 exd4 20. Rb1 Qc5 21.
Bxf6 Qc3+ 22. Kf1 Nxf6 23. Nf4 Qxc2 24. Re1 d3 25. Nxg6 d2 26. Ne7+ Kb8 0-1

[Event "16PCR_F"]
[Site "?"]
[Date "2006.??.??"]
[Round "?"]
[White "Mikolas, Jan"]
[Black "Struzka, Vlastimil"]
[Result "1/2-1/2"]
[WhiteElo "2039"]
[BlackElo "2094"]
[PlyCount "55"]
[EventDate "2006.??.??"]
[EventType "corr"]
[SourceDate "2007.01.09"]

1. e4 e5 2. Nf3 Nf6 3. Nxe5 Qe7 4. d4 d6 5. Nf3 Qxe4+ 6. Be2 Bf5 7. c4 Be7 8.
Nc3 Qc2 9. Qxc2 Bxc2 10. Bf4 O-O 11. Rc1 Bf5 12. O-O Re8 13. c5 dxc5 14. Bxc7
Nc6 15. d5 Rac8 16. dxc6 Rxc7 17. cxb7 Rxb7 18. b3 Bd6 19. Rcd1 Bf4 20. Ba6 Rb6
21. Bb5 Rc8 22. Rfe1 Bc2 23. Ra1 Bf5 24. Re7 Rc7 25. Nd5 Rxe7 26. Nxe7+ Kf8 27.
Nxf5 Rxb5 28. g3 1/2-1/2

[Event "16PCR_F"]
[Site "?"]
[Date "2006.??.??"]
[Round "?"]
[White "Mikolas, Jan"]
[Black "Tyrlik, Jaroslav"]
[Result "0-1"]
[WhiteElo "2039"]
[BlackElo "2076"]
[PlyCount "70"]
[EventDate "2006.??.??"]
[EventType "corr"]
[SourceDate "2007.01.09"]

1. e4 e6 2. d4 d5 3. Nc3 Nf6 4. Bg5 dxe4 5. Nxe4 Nbd7 6. Nf3 Be7 7. Nxf6+ Bxf6
8. Qd2 Bxg5 9. Nxg5 Nf6 10. O-O-O Bd7 11. Bc4 Bc6 12. f3 h6 13. Nh3 b5 14. Bb3
a5 15. Qc3 Qd6 16. d5 exd5 17. Qe3+ Kf8 18. c4 bxc4 19. Bxc4 Bd7 20. Bb3 Bxh3
21. gxh3 a4 22. Bc2 a3 23. b3 g6 24. Rd2 Kg7 25. Rhd1 Rhe8 26. Qc3 Qf4 27. Qc6
Qe5 28. Bb1 Ra5 29. Qc2 Qa1 30. Rg2 Nh5 31. b4 Rb5 32. Rg4 Nf6 33. Rf4 Rb6 34.
Rg1 Qe5 35. Qd2 Rc6+ 0-1

[Event "16PCR_F"]
[Site "?"]
[Date "2006.??.??"]
[Round "?"]
[White "Portych, Vaclav"]
[Black "Mikolas, Jan"]
[Result "1-0"]
[WhiteElo "2112"]
[BlackElo "2039"]
[PlyCount "51"]
[EventDate "2006.??.??"]
[EventType "corr"]
[SourceDate "2007.01.09"]

1. c4 c5 2. Nc3 Nc6 3. g3 Nf6 4. Nf3 g6 5. Bg2 Bg7 6. d4 cxd4 7. Nxd4 O-O 8.
O-O Nxd4 9. Qxd4 d6 10. Qd3 Re8 11. Bg5 Qa5 12. Qd2 Ng4 13. Rac1 Bxc3 14. Rxc3
h6 15. Bf4 g5 16. Be3 Nxe3 17. Qxe3 Qc5 18. Qd2 Rb8 19. Rfc1 b6 20. Re3 a5 21.
b3 Bb7 22. Bd5 Rec8 23. Rd3 b5 24. Bxb7 Rxb7 25. h4 bxc4 26. Rxc4 1-0

[Event "16PCR_F"]
[Site "?"]
[Date "2006.??.??"]
[Round "?"]
[White "Sindelar, Frantisek"]
[Black "Mikolas, Jan"]
[Result "1/2-1/2"]
[WhiteElo "2094"]
[BlackElo "2039"]
[PlyCount "75"]
[EventDate "2006.??.??"]
[EventType "corr"]
[SourceDate "2007.01.09"]

1. d4 Nf6 2. c4 e5 3. e3 e4 4. Nc3 c6 5. Nge2 d5 6. cxd5 cxd5 7. Qb3 Nc6 8. Nf4
Bb4 9. Bd2 Bxc3 10. Bxc3 O-O 11. Rc1 Re8 12. Be2 a5 13. Bb5 Bg4 14. h3 Bf5 15.
O-O g5 16. Ne2 g4 17. h4 Bd7 18. Nf4 Ne7 19. Be2 b6 20. a4 Bc6 21. Qd1 Nf5 22.
b3 Bd7 23. Bxg4 Nxe3 24. fxe3 Bxg4 25. Qd2 Kh8 26. Qf2 Rc8 27. Bb2 Rxc1 28.
Rxc1 Rg8 29. Ba3 Rg7 30. Rc6 Ne8 31. Qe1 Bd7 32. Rc1 Nf6 33. b4 Bxa4 34. bxa5
bxa5 35. Rc5 Bb3 36. Rxa5 Bc4 37. Bc5 Ng4 38. Ra7 1/2-1/2

[Event "16PCR_F"]
[Site "?"]
[Date "2006.??.??"]
[Round "?"]
[White "Slavik, Miroslav"]
[Black "Mikolas, Jan"]
[Result "1-0"]
[WhiteElo "2198"]
[BlackElo "2039"]
[PlyCount "55"]
[EventDate "2006.??.??"]
[EventType "corr"]
[SourceDate "2007.01.09"]

1. d4 Nf6 2. c4 e5 3. dxe5 Ng4 4. Bf4 Nc6 5. Nf3 Bb4+ 6. Nc3 Bxc3+ 7. bxc3 Qe7
8. Qd5 f6 9. exf6 Nxf6 10. Qg5 O-O 11. c5 h6 12. Qf5 Qf7 13. Qc2 Nd5 14. Bg3
Qe7 15. e4 Nf4 16. Rb1 Qxc5 17. Qc1 Ne6 18. Rb5 Qe7 19. Bc4 b6 20. Nh4 Kh7 21.
Rf5 Re8 22. O-O Bb7 23. Qb1 Kg8 24. Rd1 Qd8 25. Rh5 Qc8 26. e5 Ne7 27. Rd4 Rf8
28. Rxh6 1-0

[Event "16PCR_F"]
[Site "?"]
[Date "2006.??.??"]
[Round "?"]
[White "Trs, Jan"]
[Black "Mikolas, Jan"]
[Result "1-0"]
[WhiteElo "2252"]
[BlackElo "2039"]
[PlyCount "99"]
[EventDate "2006.??.??"]
[EventType "corr"]
[SourceDate "2007.01.09"]

1. c4 c5 2. Nc3 Nc6 3. g3 Nf6 4. Bg2 g6 5. Nf3 Bg7 6. O-O O-O 7. d4 cxd4 8.
Nxd4 Nxd4 9. Qxd4 d6 10. Qd3 Re8 11. Bd2 Bd7 12. Nd5 Ng4 13. Rad1 Bc6 14. Bc3
Bxc3 15. Qxc3 e6 16. Ne3 Nxe3 17. Qxe3 Bxg2 18. Kxg2 Qc7 19. Rd4 b5 20. cxb5 a6
21. Rc1 Qb7+ 22. Qf3 Qxf3+ 23. Kxf3 axb5 24. a3 d5 25. Rb4 Reb8 26. Rc3 Kg7 27.
Rcb3 Ra5 28. e4 dxe4+ 29. Kxe4 Kf6 30. a4 Ke7 31. axb5 Rb6 32. Kd4 Rb7 33. Kc4
Ra8 34. b6 Rab8 35. Kc5 Rd7 36. b7 Rc7+ 37. Kd4 g5 38. h3 Rd7+ 39. Ke3 h5 40.
f4 g4 41. h4 f5 42. Rb5 Rc7 43. Rb6 Rd7 44. R3b5 Kf6 45. b3 Kf7 46. Ke2 Rc7 47.
b4 Rd7 48. Ra5 Rbxb7 49. Rxb7 Rxb7 50. b5 1-0

[Event "16PCR_F"]
[Site "?"]
[Date "2006.??.??"]
[Round "?"]
[White "Stika, Vaclav"]
[Black "Mikolas, Jan"]
[Result "1/2-1/2"]
[WhiteElo "2142"]
[BlackElo "2039"]
[PlyCount "28"]
[EventDate "2006.??.??"]
[EventType "corr"]
[SourceDate "2007.01.09"]

1. e4 e5 2. Nf3 Nc6 3. Bb5 Nf6 4. O-O Nxe4 5. d4 exd4 6. Re1 d5 7. Nxd4 Bd6 8.
Nxc6 Bxh2+ 9. Kxh2 Qh4+ 10. Kg1 Qxf2+ 11. Kh1 Qh4+ 12. Kg1 Qf2+ 13. Kh1 Qh4+
14. Kg1 Qf2+ 1/2-1/2

[Event "16PCR_F"]
[Site "?"]
[Date "2006.??.??"]
[Round "?"]
[White "Kudr, Roman"]
[Black "Mikoska, Josef"]
[Result "1/2-1/2"]
[WhiteElo "2177"]
[BlackElo "2134"]
[PlyCount "66"]
[EventDate "2006.??.??"]
[EventType "corr"]
[SourceDate "2007.01.09"]

1. Nf3 g6 2. c4 Nf6 3. Nc3 d5 4. cxd5 Nxd5 5. e4 Nxc3 6. bxc3 Bg7 7. d4 c5 8.
Rb1 O-O 9. Be2 b6 10. O-O Bb7 11. Qd3 Qd6 12. Bg5 cxd4 13. cxd4 Nc6 14. Rfd1 e5
15. d5 Nd4 16. Nxd4 exd4 17. Qd2 Rac8 18. Bf4 Qe7 19. f3 Rc5 20. Rb5 Rfc8 21.
Rxc5 Rxc5 22. Bf1 Bc8 23. Bh6 Bxh6 24. Qxh6 Rc2 25. Qf4 Qa3 26. Bd3 Rc3 27. Bb1
d3 28. Kf2 Qc5+ 29. Qe3 Ba6 30. h4 Kf8 31. g4 Ke7 32. g5 Kd6 33. f4 Qa3 1/2-1/2

[Event "16PCR_F"]
[Site "?"]
[Date "2006.??.??"]
[Round "?"]
[White "Mateka, Petr"]
[Black "Mikoska, Josef"]
[Result "1/2-1/2"]
[WhiteElo "2229"]
[BlackElo "2134"]
[PlyCount "128"]
[EventDate "2006.??.??"]
[EventType "corr"]
[SourceDate "2007.01.09"]

1. e4 e5 2. Nf3 Nc6 3. Bb5 a6 4. Ba4 Nf6 5. O-O Be7 6. Re1 b5 7. Bb3 O-O 8. c3
d6 9. h3 Nb8 10. d3 c5 11. a4 Bb7 12. axb5 axb5 13. Rxa8 Bxa8 14. Na3 Qd7 15.
Bg5 h6 16. Bh4 Na6 17. Bg3 Rb8 18. Bc2 Bb7 19. d4 exd4 20. cxd4 Rd8 21. d5 Nc7
22. Nb1 Ra8 23. Nc3 Qd8 24. b4 Nfe8 25. Qd2 Ra3 26. Rc1 cxb4 27. Nb1 Ra5 28.
Qxb4 Na6 29. Qe1 Bf6 30. Nc3 b4 31. Ne2 Rc5 32. Qd1 Qc7 33. Ne1 Rc4 34. Qd3 Rc5
35. Bf4 Ra5 36. Qd1 Ra3 37. Rb1 Ra2 38. Bd3 Qa5 39. Nc2 b3 40. Rxb3 Nc5 41. Rb5
Qa7 42. Nc1 Rb2 43. Be3 Qa4 44. Bxc5 Rxb5 45. Bxb5 Qxb5 46. Bd4 Bg5 47. Ne2 f5
48. Nc3 Qb3 49. Qe2 Kf7 50. f3 fxe4 51. fxe4 Kg8 52. Ne1 Bd8 53. Nf3 Nf6 54.
Kh2 Nd7 55. Qb5 Qxb5 56. Nxb5 Be7 57. Na7 Kf7 58. Nc6 Bf6 59. Bxf6 Kxf6 60. Kg3
Ba6 61. Kf4 g5+ 62. Ke3 Bf1 63. Kf2 Bd3 64. Nd2 Ne5 1/2-1/2

[Event "16PCR_F"]
[Site "?"]
[Date "2006.??.??"]
[Round "?"]
[White "Mikoska, Josef"]
[Black "Brichacek, Milan"]
[Result "0-1"]
[WhiteElo "2134"]
[BlackElo "2194"]
[PlyCount "72"]
[EventDate "2006.??.??"]
[EventType "corr"]
[SourceDate "2007.01.09"]

1. e4 e6 2. b3 d5 3. e5 c5 4. Nf3 Nc6 5. Bb2 Nge7 6. Be2 Ng6 7. O-O d4 8. Na3
Ngxe5 9. Nxe5 Nxe5 10. f4 Ng6 11. Nc4 Qc7 12. c3 Nxf4 13. cxd4 cxd4 14. Bxd4
Nxe2+ 15. Qxe2 Bc5 16. Qe3 Bxd4 17. Qxd4 O-O 18. Rac1 f6 19. Ne3 Qd7 20. Qf4 e5
21. Qc4+ Kh8 22. Rcd1 b5 23. Qc5 Rd8 24. d4 exd4 25. Rd3 Qe8 26. Nc2 Qe5 27. b4
Qxc5 28. bxc5 Be6 29. Rxd4 Rdc8 30. Re1 Bg8 31. Ne3 Rxc5 32. a4 a5 33. axb5
Rxb5 34. Ra1 Bb3 35. Nc4 a4 36. Nd2 Rc8 0-1

[Event "16PCR_F"]
[Site "?"]
[Date "2006.??.??"]
[Round "?"]
[White "Mikoska, Josef"]
[Black "Cvak, Rudolf"]
[Result "1/2-1/2"]
[WhiteElo "2134"]
[BlackElo "2204"]
[PlyCount "94"]
[EventDate "2006.??.??"]
[EventType "corr"]
[SourceDate "2007.01.09"]

1. e4 e5 2. Nf3 Nc6 3. Bb5 a6 4. Ba4 Nf6 5. O-O Be7 6. Re1 b5 7. Bb3 O-O 8. a4
b4 9. d3 d6 10. a5 Rb8 11. Nbd2 Be6 12. Bc4 Qc8 13. b3 Nd7 14. Nf1 Nd4 15. Nxd4
exd4 16. Ng3 Ne5 17. f4 Nxc4 18. dxc4 Bf6 19. Nh5 Qd8 20. f5 Bd7 21. Qg4 Kh8
22. Bf4 Qe7 23. Nxf6 Qxf6 24. Qg3 Rbe8 25. e5 Qxf5 26. exd6 c5 27. Re7 Rxe7 28.
dxe7 Rc8 29. Re1 Be8 30. Qf3 h6 31. Re5 Qf6 32. Qe4 Rc6 33. Qf5 Qd6 34. Re4 Qf6
35. Qxf6 Rxf6 36. Bb8 Kg8 37. Re5 Re6 38. Rxc5 Rxe7 39. Rc8 Kh7 40. Bd6 Re2 41.
Kf1 Re6 42. Bxb4 Bc6 43. Rxc6 Rxc6 44. Ke2 Kg6 45. Kd3 Kf5 46. Kxd4 Ke6 47. Bf8
Kd7 1/2-1/2

[Event "16PCR_F"]
[Site "?"]
[Date "2006.??.??"]
[Round "?"]
[White "Mikoska, Josef"]
[Black "Glaser, Karel"]
[Result "1-0"]
[WhiteElo "2134"]
[BlackElo "2159"]
[PlyCount "35"]
[EventDate "2006.??.??"]
[EventType "corr"]
[SourceDate "2007.01.09"]

1. e4 Nf6 2. e5 Nd5 3. d4 d6 4. Nf3 g6 5. Bc4 c6 6. O-O Bg7 7. exd6 Qxd6 8. h3
O-O 9. Re1 Bf5 10. Nbd2 Nd7 11. Bb3 N7f6 12. Nc4 Qc7 13. Nce5 b5 14. c3 a6 15.
g4 Bc8 16. a4 Nd7 17. axb5 Nxe5 18. Nxe5 1-0

[Event "16PCR_F"]
[Site "?"]
[Date "2006.??.??"]
[Round "?"]
[White "Mikoska, Josef"]
[Black "Houdek, Vladimir"]
[Result "1/2-1/2"]
[WhiteElo "2134"]
[BlackElo "2147"]
[PlyCount "102"]
[EventDate "2006.??.??"]
[EventType "corr"]
[SourceDate "2007.01.09"]

1. e4 e5 2. Nf3 Nc6 3. Bb5 a6 4. Ba4 Nf6 5. O-O Be7 6. Re1 b5 7. Bb3 d6 8. c3
O-O 9. h3 Na5 10. Bc2 c5 11. d4 Qc7 12. Nbd2 cxd4 13. cxd4 Nc6 14. Nb3 a5 15.
Be3 a4 16. Nbd2 Bd7 17. a3 Rfc8 18. Bd3 Qb7 19. b4 exd4 20. Bxd4 Be6 21. Nf1
Nd7 22. Ne3 Nde5 23. Bxe5 dxe5 24. Qe2 Rab8 25. Nd5 Bd6 26. Rac1 f6 27. Red1
Bf8 28. Bb1 Ne7 29. Nc3 Rc7 30. Ba2 Bxa2 31. Qxa2+ Kh8 32. Qe2 Rbc8 33. Qe3 Kg8
34. h4 Rc4 35. Nd2 Rd4 36. Ne2 Rd7 37. h5 Rc6 38. Nb1 Nc8 39. Nbc3 Rxd1+ 40.
Rxd1 Nd6 41. Rd5 Rc4 42. h6 g6 43. Qh3 Nxe4 44. Rxb5 Qc6 45. Nxe4 Rxe4 46. Qd3
Qc4 47. Qxc4+ Rxc4 48. Ra5 Rc2 49. Ng3 Bxh6 50. Rxa4 f5 51. Nf1 Rb2 1/2-1/2

[Event "16PCR_F"]
[Site "?"]
[Date "2006.??.??"]
[Round "?"]
[White "Mikoska, Josef"]
[Black "Kasik, Miroslav"]
[Result "1/2-1/2"]
[WhiteElo "2134"]
[BlackElo "2025"]
[PlyCount "62"]
[EventDate "2006.??.??"]
[EventType "corr"]
[SourceDate "2007.01.09"]

1. e4 e5 2. Nf3 Nc6 3. Bb5 a6 4. Ba4 Nf6 5. O-O Nxe4 6. d4 b5 7. Bb3 d5 8. dxe5
Be6 9. c3 Bc5 10. Qd3 O-O 11. Nbd2 f5 12. exf6 Nxf6 13. a4 Bf7 14. Ng5 Ne5 15.
Qg3 Qe7 16. Bc2 Bg6 17. Bxg6 Nxg6 18. Nb3 Bb6 19. axb5 axb5 20. Rxa8 Rxa8 21.
Nd4 Qd7 22. Qd3 Ne5 23. Qxb5 Qxb5 24. Nxb5 Nfg4 25. Bf4 Ra2 26. h3 Nd3 27. hxg4
Nxf4 28. Re1 Kf8 29. Nxh7+ Kf7 30. Ng5+ Kf6 31. Nf3 Rxb2 1/2-1/2

[Event "16PCR_F"]
[Site "?"]
[Date "2006.??.??"]
[Round "?"]
[White "Mikoska, Josef"]
[Black "Nudcenko, Karel"]
[Result "0-1"]
[WhiteElo "2134"]
[BlackElo "2245"]
[PlyCount "78"]
[EventDate "2006.??.??"]
[EventType "corr"]
[SourceDate "2007.01.09"]

1. e4 e6 2. b3 d5 3. e5 c5 4. Nf3 Ne7 5. Be2 Nbc6 6. O-O Qc7 7. Re1 Bd7 8. Nc3
Nxe5 9. Nxe5 Qxe5 10. Bg4 Qc7 11. a4 d4 12. Nb5 Bxb5 13. axb5 Ng6 14. Qe2 Be7
15. Bf3 O-O 16. Bb2 Nf4 17. Qc4 Rfd8 18. g3 Nd5 19. c3 Nb6 20. Qe2 Bf6 21. Be4
c4 22. cxd4 cxb3 23. Rec1 Qd7 24. Qd3 Bxd4 25. Qxb3 Bxb2 26. Qxb2 Nc8 27. d3
Nd6 28. b6 axb6 29. Qxb6 h6 30. Bf3 Rxa1 31. Rxa1 Rb8 32. Rc1 Ra8 33. Kg2 Qd8
34. Qxd8+ Rxd8 35. Rb1 b5 36. d4 Kf8 37. Bc6 Rb8 38. Rb4 Rc8 39. Kf3 Rxc6 0-1

[Event "16PCR_F"]
[Site "?"]
[Date "2006.??.??"]
[Round "?"]
[White "Mikoska, Josef"]
[Black "Portych, Vaclav"]
[Result "1-0"]
[WhiteElo "2134"]
[BlackElo "2112"]
[PlyCount "22"]
[EventDate "2006.??.??"]
[EventType "corr"]
[SourceDate "2007.01.09"]

1. e4 c5 2. b3 Nc6 3. Bb2 d6 4. f4 Nf6 5. e5 Nd5 6. Qf3 dxe5 7. fxe5 e6 8. Bb5
Bd7 9. Ne2 Qh4+ 10. g3 Qh3 11. Nf4 Be7 1-0

[Event "16PCR_F"]
[Site "?"]
[Date "2006.??.??"]
[Round "?"]
[White "Mikoska, Josef"]
[Black "Sindelar, Frantisek"]
[Result "1-0"]
[WhiteElo "2134"]
[BlackElo "2094"]
[PlyCount "57"]
[EventDate "2006.??.??"]
[EventType "corr"]
[SourceDate "2007.01.09"]

1. e4 e6 2. f4 d5 3. e5 c5 4. Nf3 Nc6 5. c3 Nge7 6. Na3 Ng6 7. d4 cxd4 8. cxd4
Qa5+ 9. Bd2 Qb6 10. Nc2 Bd7 11. Bd3 Nb4 12. Nxb4 Bxb4 13. O-O Be7 14. Qe2 O-O
15. Rac1 Rac8 16. Be3 a6 17. Kh1 h6 18. g4 Nh8 19. f5 f6 20. Rxc8 Bxc8 21. Qc2
Qc6 22. Qb3 b5 23. Rc1 Qa8 24. Qc2 exf5 25. gxf5 fxe5 26. Nxe5 Bf6 27. Bxh6 Nf7
28. Bxg7 Bxg7 29. f6 1-0

[Event "16PCR_F"]
[Site "?"]
[Date "2006.??.??"]
[Round "?"]
[White "Slavik, Miroslav"]
[Black "Mikoska, Josef"]
[Result "1/2-1/2"]
[WhiteElo "2198"]
[BlackElo "2134"]
[PlyCount "76"]
[EventDate "2006.??.??"]
[EventType "corr"]
[SourceDate "2007.01.09"]

1. d4 Nf6 2. c4 g6 3. Nc3 d5 4. Nf3 Bg7 5. Bf4 c5 6. dxc5 Qa5 7. cxd5 Na6 8.
Be5 Nxc5 9. a3 Nce4 10. Qd4 Nxc3 11. bxc3 Bf5 12. Nd2 Rd8 13. c4 O-O 14. Qb2
Rd6 15. e3 Rb6 16. Qc3 Qxc3 17. Bxc3 Rc8 18. Bd4 Ne4 19. Nxe4 Bxd4 20. exd4
Bxe4 21. Kd2 Rb2+ 22. Ke3 f5 23. f3 Bb1 24. c5 Ba2 25. d6 Bd5 26. dxe7 Re8 27.
Kf4 Rxe7 28. Kg3 Rd2 29. h4 a6 30. c6 bxc6 31. Bxa6 Ra7 32. Bc8 Rxd4 33. Rhb1
Kf8 34. Rb7 Rda4 35. Rab1 Rxa3 36. Kf4 Ke8 37. Ke5 Kd8 38. Bd7 Ra2 1/2-1/2